Baroque pattern poetry in Poland in relation to theories of literary genres /
Elmentve itt :
| Szerző: | |
|---|---|
| Testületi szerző: | |
| Dokumentumtípus: | Könyv része |
| Megjelent: |
1996
|
| Sorozat: | Acta Universitatis Szegediensis de Attila József nominatae : papers in english and american studies
7 Papers in English and American studies : Tomus VII. - Iconography in cultural studies : papers from the international conference "Iconography East and West" Szeged 1993 7 |
| Kulcsszavak: | Lengyel irodalom - költészet - 16-17. sz. |
| Tárgyszavak: | |
| Online Access: | http://acta.bibl.u-szeged.hu/68730 |
| LEADER | 01102naa a2200241 i 4500 | ||
|---|---|---|---|
| 001 | acta68730 | ||
| 005 | 20250124110024.0 | ||
| 008 | 250121s1996 hu o 000 eng d | ||
| 022 | |a 0230-2780 | ||
| 040 | |a SZTE Egyetemi Kiadványok Repozitórium |b hun | ||
| 041 | |a eng | ||
| 100 | 1 | |a Wilczek Piotr | |
| 245 | 1 | 0 | |a Baroque pattern poetry in Poland |h [elektronikus dokumentum] : |b in relation to theories of literary genres / |c Wilczek Piotr |
| 260 | |c 1996 | ||
| 300 | |a 143-149 | ||
| 490 | 0 | |a Acta Universitatis Szegediensis de Attila József nominatae : papers in english and american studies |v 7 | |
| 490 | 0 | |a Papers in English and American studies : Tomus VII. - Iconography in cultural studies : papers from the international conference "Iconography East and West" Szeged 1993 |v 7 | |
| 650 | 4 | |a Bölcsészettudományok | |
| 650 | 4 | |a Nyelvek és irodalom | |
| 650 | 4 | |a Általános irodalomtudományok | |
| 695 | |a Lengyel irodalom - költészet - 16-17. sz. | ||
| 710 | |a Iconography East and West (1993) (Szeged) | ||
| 856 | 4 | 0 | |u http://acta.bibl.u-szeged.hu/68730/1/papers_007_143-149.pdf |z Dokumentum-elérés |